LIBRARY & INFORMATION CENTRE, KCAET, TAVANUR

ONLINE PUBLIC ACCESS CATALOGUE (OPAC)

Odd Beasts / (Record no. 2849)

MARC details
000 -LEADER
fixed length control field 00442cam a2200193ua 4500
041 ## - LANGUAGE CODE
Language code of text/sound track or separate title eng
082 ## - DEWEY DECIMAL CLASSIFICATION NUMBER
Classification number 823.301
Item number MER/OD
100 ## - MAIN ENTRY--AUTHOR NAME
Personal name Merson, J M .
245 ## - TITLE STATEMENT
Title Odd Beasts /
250 ## - EDITION STATEMENT
Edition statement 1 /
260 ## - PUBLICATION, DISTRIBUTION, ETC. (IMPRINT)
Place of publication London :
Name of publisher Longman Green and Co.
300 ## - PHYSICAL DESCRIPTION
Number of Pages 64 ; .
942 ## - ADDED ENTRY ELEMENTS (KOHA)
Koha item type Books
Holdings
Withdrawn status Lost status Damaged status Home library Current library Date acquired Full call number Accession Number Koha item type
Withdrawn     KAUAET Central Prison Tavanur 07/04/2012 823.301 9960 Books
Withdrawn     KAUAET Malayalam University 07/04/2012 823.301 9967 Books
Withdrawn     KAUAET Sanskrit University 07/04/2012 823.301 9968 Books
Withdrawn     KAUAET Sanskrit University 07/04/2012 823.301 9969 Books
free website counter